000 01888nam0a2200349 4500
001 RU\NLR\bibl\1927533
005 20240726014805.0
020 _aRU
_b20-5386
_9Летопись авторефератов диссертаций
021 _aRU
_b2011-24915а
_9997аа
035 _a(NLR Aleph) 001916921
090 _a3253043
_c3253043
100 _a20120511d2011 u u0rusy50 ca
101 0 _arus
102 _aRU
105 _aa dm |||||
200 1 _aСоциально-экономическое развитие макрорегиона: модернизация хозяйственного комплекса
_e(на примере Северо-Кавказского федерального округа)
_eавтореферат диссертации на соискание ученой степени кандидата экономических наук
_eспециальность 08.00.05 <Экономика и управление народным хозяйством по отраслям и сферам деятельности>
_fДикаева Луиза Хамидовна
_g[Рост. гос. экон. ун-т-РИНХ]
210 _aРостов-на-Дону
_d2011
215 _a26 с.
_d21
320 _aБиблиогр.: с. 24-26 (12 назв.)
610 0 _aСеверо-Кавказский федер. окр., экон. науки
675 _a332
_v3
_zrus
686 _a06.61
_2rugasnti
686 _a65
_2rubbk
686 _a08.00.05
_2oksvnk
700 1 _aДикаева
_bЛ. Х.
_gЛуиза Хамидовна
_4070
801 0 _aRU
_bRKP
_c20120511
_gPSBO
801 1 _aRU
_bRKP
_c20120511
801 2 _aRU
_bNLR
_c20120723
_grcr
901 _eАвторефераты
942 _cBOOK
981 1 0 _a(10) Авторефераты